| 000 | 00877nam a2200253Ia 4500 | ||
|---|---|---|---|
| 003 | OSt | ||
| 005 | 20221005104911.0 | ||
| 006 | a|||||r|||| 00| 0 | ||
| 007 | ta | ||
| 008 | 221004b |||||||| |||| 00| 0 hin d | ||
| 024 | _a109152 | ||
| 037 | _cTextual | ||
| 040 |
_aCRL _cCRL _bhin |
||
| 041 |
_2hin _ahin |
||
| 082 | _aY:351.44974, 152P3 | ||
| 100 | _aनेपाल, खेमराज | ||
| 245 | 0 | _aनेपाली लोक साहित्य की रूपरेखा | |
| 246 | _aNepālī lok sāhitya kī rūparekhā | ||
| 260 |
_aदिल्ली _bसाहित्य अकादमी भारत _c2003 |
||
| 300 |
_a240पृ0 _ccm. |
||
| 650 | _aभारतीय-लोक साहित्य | ||
| 942 |
_hY:351.44974, 152P3 _cTEXL _2cc |
||
| 999 |
_c1014123 _d1014123 |
||